• 首页
  • 本馆介绍
  • 公告通知
  • 最新文献
  • 馆藏检索
  • 电子资源
  • 读者导购
  • 参考咨询
  • 我的图书馆
  • 登录
  • 详细信息显示
  • 放入我的书架
  • 预约/预借图书
  • 作者相关作品
  • 分类相关作品
  • 丛书相关作品
  • 出版社相关作品

书目信息

  • 表格格式
  • 工作单格式
  • 卡片格式
题名:
现代联绵字理论负面影响研究
    
 
作者: 沈怀兴 著
分册:  
出版信息: 北京   中国社会科学出版社  2015
页数: 10,338页
开本: 24cm
丛书名: 宁波大学学术文库
单 册:
中图分类: H136.7
科图分类:
主题词: 现代汉语--xian dai han yu--联绵字--负面影响--研究
电子资源:
ISBN: 978-7-5161-6297-2
000 01032nam0 22002531 450
001 0124140212
005 20170324140212.0
010    @a978-7-5161-6297-2@dCNY80.00
100    @a20151221d2015 em y0chiy50 ea
101 0  @achi
102    @aCN@b110000
105    @ay z 000yy
106    @ar
200 1  @a现代联绵字理论负面影响研究@9xian dai lian mian zi li lun fu mian ying xiang yan jiu@f沈怀兴著
210    @a北京@c中国社会科学出版社@d2015
215    @a10,338页@d24cm
225 2  @a宁波大学学术文库@9ning bo da xue xue shu wen ku
330    @a本书揭示了现代联绵字理论的无根性,介绍了常用的研究方法:文献考察分析法、历史考证法、对质法和连环证明法,多角度揭示了现代联绵字理论脱离现实的特点。考察了两部权威辞书解释“联绵字/词”等术语的情况,简要地描述了现代联绵字理论的现状。
461  0 @12001 @a宁波大学学术文库
606 0  @a现代汉语@9xian dai han yu@x联绵字@x负面影响@x研究
690    @aH136.7@v5
701  0 @a沈怀兴@9shen huai xing@f(1954~)@4著
801  0 @aCN@bTANGWEI@c20170308
905    @b0962174-6@dH136.7@e337@f3
    
    现代联绵字理论负面影响研究/沈怀兴著.-北京:中国社会科学出版社,2015
    10,338页;24cm.-(宁波大学学术文库)
    
    
    ISBN 978-7-5161-6297-2:CNY80.00
    本书揭示了现代联绵字理论的无根性,介绍了常用的研究方法:文献考察分析法、历史考证法、对质法和连环证明法,多角度揭示了现代联绵字理论脱离现实的特点。考察了两部权威辞书解释“联绵字/词”等术语的情况,简要地描述了现代联绵字理论的现状。
●
相关链接 在E读中查询图书 在五车中查询图书 在当当中查询图书 在豆瓣中查询图书


正题名:现代联绵字理论负面影响研究     索取号:H136.7/337         预约/预借

序号 登录号 条形码 馆藏地/架位号 状态 备注
1 0962174   209621747   第二样本阅览室/ [索取号:H136.7/337] 在馆    
2 0962175   209621756   第四借阅区/ [索取号:H136.7/337] 在馆    
3 0962176   209621765   第四借阅区/ [索取号:H136.7/337] 在馆    
唐山师范学院图书馆 欢迎您!
大连网信软件有限公司© 版权所有